আত্মশুদ্ধি প্রতিষ্ঠা পথ ও পাথেয় / (Record no. 10425)
[ view plain ]
| 000 -LEADER | |
|---|---|
| fixed length control field | 00728nam a22002177a 4500 |
| 001 - CONTROL NUMBER | |
| JCCL Control Number | 10425 |
| 003 - CONTROL NUMBER IDENTIFIER | |
| JCCL marc code | BD-JhCC |
| 005 - DATE AND TIME OF LATEST TRANSACTION | |
| control field | 20211004134020.0 |
| 008 - FIXED-LENGTH DATA ELEMENTS--GENERAL INFORMATION | |
| fixed length control field | 180426b2015 bg ||||| |||| 00| 0 eng d |
| 035 ## - SYSTEM CONTROL NUMBER | |
| system control number | (BD-JhCC)10425 |
| 040 ## - CATALOGING SOURCE | |
| Original cataloging agency | BD-JhCC |
| Modifying agency | BD-JhCC |
| 041 ## - LANGUAGE CODE | |
| Language code of Book | eng |
| 082 ## - DEWEY DECIMAL CLASSIFICATION NUMBER | |
| Classification number | 297 |
| Author mark and Year | ISl 2015 |
| 100 ## - MAIN ENTRY--PERSONAL NAME | |
| Personal name | ইসলাম, মোহাম্মদ রফিকুল |
| 245 ## - TITLE STATEMENT | |
| Title | আত্মশুদ্ধি প্রতিষ্ঠা পথ ও পাথেয় / |
| Statement of responsibility, etc | মোহাম্মদ রফিকুল ইসলাম |
| 260 ## - PUBLICATION, DISTRIBUTION, ETC. (IMPRINT) | |
| Place of publication, distribution, etc | ঢাকা : |
| Name of publisher, distributor, etc | শিরিন পাবলিকেশন্স, |
| Date of publication, distribution, etc | 2015. |
| 300 ## - PHYSICAL DESCRIPTION | |
| Pagination | 143 p. : |
| Dimensions | 22 cm. |
| 650 ## - SUBJECT ADDED ENTRY--TOPICAL TERM | |
| Topical term or geographic name as entry element | Islam |
| 942 ## - ADDED ENTRY ELEMENTS (KOHA) | |
| Source of classification or shelving scheme | Dewey Decimal Classification |
| Koha item type | Books |
| Koha issues (borrowed), all copies | 8 |
| Source of classification or shelving scheme | Damaged status | Not for loan | Home library | Current library | Shelving location | Cost, normal purchase price | Total Checkouts | Full call number | Barcode | Date last seen | Date checked out | Copy number | Koha item type |
|---|---|---|---|---|---|---|---|---|---|---|---|---|---|
| Dewey Decimal Classification | JCC Rouf Library | JCC Rouf Library | General Stacks | 200.00 | 3 | 297 ISl 2015 | 13851 | 04/19/2020 | 04/12/2020 | C-1 | Books | ||
| Dewey Decimal Classification | JCC Rouf Library | JCC Rouf Library | General Stacks | 200.00 | 4 | 297 ISl 2015 | 13852 | 10/31/2022 | 08/08/2022 | C-2 | Books |